[Event "VIE-ch U15 Girls"]
[Site "Ho Chi Minh City"]
[Date "2022.07.14"]
[Round "5"]
[White "Nguyen, Le Cam Hien"]
[Black "Nguyen, Thi Huynh Thu"]
[Result "1/2-1/2"]
[WhiteElo "2112"]
[BlackElo "2102"]
[PlyCount "110"]
[EventDate "2022.07.11"]
[EventType "swiss"]
[EventRounds "9"]
[EventCountry "VIE"]
[SourceTitle "EXT 2023"]
[Source "ChessBase"]
[SourceDate "2022.10.05"]
[SourceVersion "1"]
[SourceVersionDate "2022.10.05"]
[SourceQuality "1"]

1. e4 c5 2. Nf3 d6 3. d4 cxd4 4. Nxd4 Nf6 5. Nc3 a6 6. Be2 e6 7. f4 Be7 8. Be3 Nbd7 9. Bf3 Qc7 10. Nb3 Rb8 11. g4 0-0 12. g5 Ne8 13. h4 b5 14. 0-0 Nb6 15. Nd2 Bb7 16. f5 d5 17. Bg2 dxe4 18. Ncxe4 Bxe4 19. Nxe4 Nc4 20. Bc1 exf5 21. Rxf5 Ned6 22. Nxd6 Bxd6 23. Kh1 Rbe8 24. b3 Bg3 25. Rf1 Ne5 26. Bf4 Qc3 27. Bxe5 Bxe5 28. Qg4 f5 29. gxf6 Rxf6 30. Rxf6 Bxf6 31. Rf1 Kh8 32. Qd7 Re1 33. Qd5 Re8 34. Qh5 Re3 35. Qd5 Re8 36. Qd7 Qc8 37. Qxc8 Rxc8 38. Bb7 Rxc2 39. Bxa6 b4 40. Rf5 Be7 41. Re5 Rc7 42. Bc4 g6 43. Kg2 Kg7 44. Kh3 Rd7 45. Bb5 Rc7 46. Bd3 Kh6 47. Kg4 Rd7 48. Bb5 Rc7 49. Re6 Rb7 50. Bc6 Ra7 51. h5 Kg7 52. hxg6 hxg6 53. Be8 Bf6 54. Rb6 Rc7 55. Bc6 Bc3 1/2-1/2

[Event "VIE-ch U15 Girls"]
[Site "Ho Chi Minh City"]
[Date "2022.07.11"]
[Round "1"]
[White "Nguyen, Thi Huynh Thu"]
[Black "Nguyen, Binh Vy"]
[Result "1/2-1/2"]
[WhiteElo "2102"]
[BlackElo "2113"]
[PlyCount "135"]
[EventDate "2022.07.11"]
[EventType "swiss"]
[EventRounds "9"]
[EventCountry "VIE"]
[SourceTitle "EXT 2023"]
[Source "ChessBase"]
[SourceDate "2022.10.05"]
[SourceVersion "1"]
[SourceVersionDate "2022.10.05"]
[SourceQuality "1"]

1. e4 c5 2. Nf3 e6 3. d4 cxd4 4. Nxd4 Nc6 5. Nc3 Qc7 6. a3 a6 7. Be3 b5 8. Be2 Bb7 9. 0-0 Nf6 10. f4 Bc5 11. e5 Qb6 12. Bf3 Bxd4 13. Bxd4 Nxd4 14. Bxb7 Nf5+ 15. Kh1 Qxb7 16. exf6 gxf6 17. Re1 h5 18. Qd3 0-0-0 19. Ne4 Qc6 20. Nxf6 h4 21. h3 Rh6 22. Ng4 Rg8 23. Kh2 Rhg6 24. a4 b4 25. Re4 Nd6 26. Rxb4 f5 27. Rd4 fxg4 28. Rxd6 Qb7 29. Qxa6 gxh3 30. Qxb7+ Kxb7 31. Rxd7+ Kc6 32. Rd2 hxg2 33. Rg1 h3 34. Rd3 Rg4 35. Rf3 Kd5 36. Rxh3 Ke4 37. a5 Kxf4 38. a6 e5 39. a7 e4 40. a8Q Rxa8 41. Rxg2 Rxg2+ 42. Kxg2 Rb8 43. b3 Rc8 44. c3 Ra8 45. Rh4+ Ke3 46. Rh3+ Kd2 47. c4 Rg8+ 48. Kf2 Rf8+ 49. Kg2 e3 50. Rh7 Rb8 51. Kf3 Rxb3 52. Rh2+ Kd3 53. c5 Rb8 54. Rh7 Rf8+ 55. Kg2 e2 56. Rd7+ Kc2 57. Re7 Kd2 58. Rd7+ Ke1 59. c6 Rg8+ 60. Kh2 Rf8 61. Kg2 Rf6 62. c7 Rc6 63. Kg1 Rg6+ 64. Kh2 Rh6+ 65. Kg2 Rc6 66. Kg1 Rc4 67. Kg2 Rc5 68. Kg1 1/2-1/2

[Event "VIE-ch U15 Girls"]
[Site "Hanoi"]
[Date "2022.06.11"]
[Round "1"]
[White "Nguyen, Ha Khanh Linh"]
[Black "Nguyen, Thi Huynh Thu"]
[Result "1/2-1/2"]
[WhiteElo "2112"]
[BlackElo "2095"]
[PlyCount "75"]
[EventDate "2022.06.11"]
[EventType "swiss"]
[EventRounds "9"]
[EventCountry "VIE"]
[SourceTitle "EXT 2023"]
[Source "ChessBase"]
[SourceDate "2022.10.05"]
[SourceVersion "1"]
[SourceVersionDate "2022.10.05"]
[SourceQuality "1"]

1. d4 d5 2. c4 c6 3. Nc3 Nf6 4. e3 Bf5 5. Qb3 Qb6 6. Qxb6 axb6 7. cxd5 Nxd5 8. Nxd5 cxd5 9. Nf3 f6 10. Bd2 e6 11. Bb5+ Nc6 12. Ke2 Bd6 13. Rhc1 Rc8 14. h3 h6 15. a3 0-0 16. g4 Be4 17. Bc3 Rc7 18. Nd2 Bg6 19. b4 e5 20. Nf3 Rfc8 21. Kd2 Be4 22. Be2 Kh8 23. Bd1 Bxf3 24. Bxf3 exd4 25. Bb2 dxe3+ 26. fxe3 d4 27. Bxc6 dxe3+ 28. Kxe3 Rxc6 29. Rxc6 Rxc6 30. Rc1 Rxc1 31. Bxc1 Be5 32. Ke4 Kg8 33. Kd5 Kf7 34. b5 Bc7 35. Be3 Ke7 36. a4 Kd7 37. Bd4 Ke7 38. Be3 1/2-1/2

[Event "Hanoi (Women) op 12"]
[Site "Hanoi"]
[Date "2022.??.??"]
[Round "5"]
[White "Nguyen, Thi Huynh Thu"]
[Black "Phan, Nguyen Ha Nhu"]
[Result "1-0"]
[WhiteElo "1959"]
[BlackElo "1701"]
[PlyCount "91"]
[EventDate "2022.12.11"]
[EventType "swiss"]
[EventRounds "9"]
[EventCountry "VIE"]
[SourceTitle "CBM 211 Extra"]
[Source "ChessBase"]
[SourceDate "2023.01.31"]
[SourceVersion "1"]
[SourceVersionDate "2023.01.31"]
[SourceQuality "1"]

1. e4 g6 2. d4 d6 3. f4 Bg7 4. Nf3 c5 5. d5 Qb6 6. c3 Nf6 7. Nbd2 0-0 8. Be2 Nbd7 9. Nc4 Qc7 10. e5 dxe5 11. fxe5 Ng4 12. d6 exd6 13. exd6 Qc6 14. 0-0 b5 15. Ne3 Nxe3 16. Bxe3 Bb7 17. Rf2 Rae8 18. Qd2 Nf6 19. Ng5 h6 20. Bf3 Qd7 21. Nh3 Rxe3 22. Qxe3 Bxf3 23. Qxf3 Qxd6 24. Rd1 Qe6 25. a3 g5 26. Qf5 Qb6 27. Rfd2 c4+ 28. Kh1 Qe3 29. Qf2 Qe7 30. Qe2 Qc7 31. Nf2 Re8 32. Qf3 Qe5 33. h3 Bf8 34. Ng4 Nxg4 35. Qxg4 Be7 36. Rd5 Qb8 37. Qf5 Qg3 38. Qd7 Kf8 39. Qc6 Qh4 40. Qxb5 g4 41. Rh5 Qf6 42. hxg4 Qf4 43. Qe5 Bg5 44. Qh8+ Ke7 45. Re1+ Kd6 46. Qxe8 1-0

[Event "Hanoi (Women) op 12"]
[Site "Hanoi"]
[Date "2022.??.??"]
[Round "7"]
[White "Nguyen, Thi Huynh Thu"]
[Black "Vu, Khanh Linh"]
[Result "1/2-1/2"]
[WhiteElo "1959"]
[BlackElo "1514"]
[PlyCount "137"]
[EventDate "2022.12.11"]
[EventType "swiss"]
[EventRounds "9"]
[EventCountry "VIE"]
[SourceTitle "CBM 211 Extra"]
[Source "ChessBase"]
[SourceDate "2023.01.31"]
[SourceVersion "1"]
[SourceVersionDate "2023.01.31"]
[SourceQuality "1"]

1. e4 e5 2. Nf3 Nc6 3. Bb5 a6 4. Ba4 Be7 5. c3 Nf6 6. Bc2 0-0 7. d4 d6 8. h3 b5 9. 0-0 Bb7 10. Re1 Re8 11. Nbd2 Bf8 12. Nf1 g6 13. Bg5 Bg7 14. Ne3 h6 15. Bxf6 Bxf6 16. Nd5 Bg7 17. Bb3 Na5 18. a3 Nxb3 19. Qxb3 c6 20. Nb4 a5 21. Nd3 Bc8 22. d5 c5 23. c4 bxc4 24. Qxc4 Ba6 25. Qc2 Rb8 26. Nc1 Qd7 27. Ne2 Rb6 28. Rab1 Reb8 29. Nd2 f5 30. f3 Qb5 31. Nc1 c4 32. Kh2 f4 33. Ne2 Qc5 34. Nc3 Qf2 35. Re2 Qg3+ 36. Kg1 h5 37. Nf1 Qh4 38. Qa4 g5 39. Nh2 Bf6 40. Nd1 c3 41. Rf2 Bd3 42. Rc1 c2 43. Rcxc2 Bxc2 44. Rxc2 Qe1+ 45. Nf1 Rb5 46. Rc6 Be7 47. Rc7 Bd8 48. Rc6 Bb6+ 49. Rxb6 R5xb6 50. Qd7 R8b7 51. Qd8+ Kf7 52. Nf2 Rxb2 53. Nd3 Qe2 54. Nxb2 Qxb2 55. Qxd6 Qb6+ 56. Qxb6 Rxb6 57. Nd2 a4 58. Nc4 Rb1+ 59. Kf2 Kf6 60. Ke2 Rg1 61. Kf2 Rc1 62. Nb6 Rc2+ 63. Kf1 Rc3 64. Nxa4 Rxa3 65. Nc5 Ke7 66. Ne6 Kf6 67. Nc5 Ra7 68. Ke2 Ra2+ 69. Kf1 1/2-1/2

[Event "Hanoi (Women) op 12"]
[Site "Hanoi"]
[Date "2022.??.??"]
[Round "6"]
[White "Nguyen, Thi Khanh Van"]
[Black "Nguyen, Thi Huynh Thu"]
[Result "0-1"]
[WhiteElo "1584"]
[BlackElo "1959"]
[PlyCount "96"]
[EventDate "2022.12.11"]
[EventType "swiss"]
[EventRounds "9"]
[EventCountry "VIE"]
[SourceTitle "CBM 211 Extra"]
[Source "ChessBase"]
[SourceDate "2023.01.31"]
[SourceVersion "1"]
[SourceVersionDate "2023.01.31"]
[SourceQuality "1"]

1. d4 d5 2. Nf3 Nf6 3. Nbd2 Bf5 4. e3 e6 5. c4 Be7 6. Qb3 b6 7. Bd3 Bxd3 8. Qxd3 0-0 9. 0-0 Nbd7 10. b3 Re8 11. Bb2 Bd6 12. e4 Nxe4 13. Nxe4 dxe4 14. Qxe4 f5 15. Qc2 g5 16. Ne5 Bxe5 17. dxe5 Qe7 18. Rae1 Rad8 19. Re3 Qg7 20. Rd1 Nf8 21. Rxd8 Rxd8 22. Rd3 Rxd3 23. Qxd3 Qd7 24. Qe2 Ng6 25. g3 g4 26. b4 h5 27. h4 f4 28. Qe4 Kg7 29. Qd4 Qxd4 30. Bxd4 f3 31. Kf1 Ne7 32. Ke1 Nc6 33. Bc3 Kg6 34. b5 Na5 35. Bxa5 bxa5 36. Kd2 Kf5 37. Ke3 Kxe5 38. a4 Kd6 39. Kf4 e5+ 40. Kg5 e4 41. Kf4 Kc5 42. Kxe4 Kxc4 43. Ke3 Kb4 44. Kd4 Kxa4 45. Kc4 Ka3 46. Kc3 a4 47. Kc2 Kb4 48. Kb2 Kxb5 0-1

[Event "Hanoi (Women) op 12"]
[Site "Hanoi"]
[Date "2022.??.??"]
[Round "4"]
[White "Vo, Mai Truc"]
[Black "Nguyen, Thi Huynh Thu"]
[Result "1-0"]
[WhiteElo "1749"]
[BlackElo "1959"]
[PlyCount "47"]
[EventDate "2022.12.11"]
[EventType "swiss"]
[EventRounds "9"]
[EventCountry "VIE"]
[SourceTitle "CBM 211 Extra"]
[Source "ChessBase"]
[SourceDate "2023.01.31"]
[SourceVersion "1"]
[SourceVersionDate "2023.01.31"]
[SourceQuality "1"]

1. d4 d5 2. Nf3 Nf6 3. Bf4 Bf5 4. e3 e6 5. Bd3 Ne4 6. 0-0 c5 7. Bxb8 Rxb8 8. Bb5+ Ke7 9. dxc5 Nxc5 10. Nd4 Bg6 11. f4 Be4 12. b4 Nd7 13. c4 dxc4 14. Bxc4 Nb6 15. Bb3 Bxb1 16. Rxb1 g6 17. Qg4 Nd5 18. Qh4+ Kd6 19. Qg3 Ke7 20. f5 Bg7 21. fxe6 Bxd4 22. exd4 fxe6 23. Bxd5 exd5 24. Qe5+ 1-0

[Event "VIE Cup (Women)"]
[Site "Hanoi"]
[Date "2021.??.??"]
[Round "3"]
[White "Tran, Ly Ngan Chau"]
[Black "Nguyen, Thi Huynh Thu"]
[Result "0-1"]
[WhiteElo "2355"]
[BlackElo "2337"]
[PlyCount "36"]
[EventDate "2021.05.03"]
[EventType "swiss"]
[EventRounds "9"]
[EventCountry "VIE"]
[SourceTitle "EXT 2022"]
[Source "ChessBase"]
[SourceDate "2021.10.06"]
[SourceVersion "1"]
[SourceVersionDate "2021.10.06"]
[SourceQuality "1"]

1. e4 c5 2. c3 Nc6 3. d4 cxd4 4. cxd4 e6 5. Nf3 Nf6 6. Nc3 Bb4 7. Bd3 0-0 8. 0-0 h6 9. Bf4 a6 10. a3 Ba5 11. b4 Bc7 12. e5 Nd5 13. Nxd5 exd5 14. Qc2 d6 15. Rfe1 Bg4 16. Be2 Bxf3 17. Bxf3 Nxd4 18. Qd3 Nxf3+ 0-1

[Event "VIE-ch U13 Girls"]
[Site "Hanoi"]
[Date "2020.??.??"]
[Round "1"]
[White "Nguyen, Ngoc Hien1111"]
[Black "Nguyen, Thi Huynh Thu"]
[Result "1-0"]
[WhiteElo "1377"]
[BlackElo "2231"]
[PlyCount "49"]
[EventDate "2020.10.22"]
[EventType "tourn"]
[EventRounds "7"]
[EventCountry "VIE"]
[SourceTitle "EXT 2022"]
[Source "ChessBase"]
[SourceDate "2021.10.06"]
[SourceVersion "1"]
[SourceVersionDate "2021.10.06"]
[SourceQuality "1"]

1. e4 c5 2. Nc3 Nc6 3. f4 e6 4. Nf3 g6 5. Bb5 Nge7 6. e5 Bg7 7. Bxc6 Nxc6 8. Ne4 b6 9. Nd6+ Kf8 10. 0-0 Bh6 11. Ng5 Kg7 12. Ngxf7 Qe7 13. Nxh8 Kxh8 14. c3 Ba6 15. d3 Qg7 16. a3 Ne7 17. g4 Qg8 18. b4 Rf8 19. b5 Bc8 20. Qa4 Nd5 21. Bd2 Rd8 22. c4 Nc7 23. Qxa7 Ne8 24. Ne4 d5 25. Qxb6 1-0

[Event "VIE-ch U13 Girls"]
[Site "Hanoi"]
[Date "2020.??.??"]
[Round "4"]
[White "Nguyen, Phuc Yen Nhi"]
[Black "Nguyen, Thi Huynh Thu"]
[Result "1-0"]
[WhiteElo "1295"]
[BlackElo "2231"]
[PlyCount "119"]
[EventDate "2020.10.22"]
[EventType "tourn"]
[EventRounds "7"]
[EventCountry "VIE"]
[SourceTitle "EXT 2022"]
[Source "ChessBase"]
[SourceDate "2021.10.06"]
[SourceVersion "1"]
[SourceVersionDate "2021.10.06"]
[SourceQuality "1"]

1. e4 c5 2. Nf3 d6 3. d4 cxd4 4. Nxd4 Nf6 5. Nc3 a6 6. Be2 e6 7. 0-0 Be7 8. Be3 b5 9. a3 Bb7 10. f3 0-0 11. Kh1 Nc6 12. Nxc6 Bxc6 13. Rc1 Qc7 14. Bd3 Rad8 15. Qe2 d5 16. exd5 exd5 17. Bd4 Rfe8 18. Qf2 Qd6 19. Rce1 Nh5 20. Qd2 Bf6 21. Bxf6 Qxf6 22. b3 Qh4 23. Kg1 Qd4+ 24. Kh1 g6 25. Ne2 Qe3 26. Qxe3 Rxe3 27. Nd4 Rxe1 28. Rxe1 Re8 29. Rxe8+ Bxe8 30. c4 Nf4 31. cxb5 Bxb5 32. Bxb5 axb5 33. Nxb5 Ne2 34. g3 d4 35. Kg2 Kf8 36. Kf2 d3 37. Ke3 Ng1 38. f4 d2 39. Kxd2 Nf3+ 40. Ke3 Nxh2 41. a4 Ke7 42. a5 Kd7 43. b4 Nf1+ 44. Kf2 Nd2 45. Ke2 Ne4 46. Kf3 Nf6 47. Nc3 Kc6 48. b5+ Kc7 49. Ne4 Nd7 50. Ng5 f6 51. Nxh7 Kd6 52. g4 Kc5 53. a6 Kb6 54. Ke3 Kxb5 55. a7 Nb6 56. Nxf6 Ka6 57. f5 gxf5 58. g5 Kxa7 59. g6 Nc8 60. Nd5 1-0

[Event "VIE-chT (Women)"]
[Site "Ho Chi Minh City"]
[Date "2019.10.02"]
[Round "9.30"]
[White "Ngo, Thi My Duyen"]
[Black "Nguyen, Thi Huynh Thu"]
[Result "1-0"]
[WhiteElo "1825"]
[BlackElo "1815"]
[PlyCount "75"]
[EventDate "2019.09.26"]
[EventType "swiss"]
[EventRounds "9"]
[EventCountry "VIE"]
[SourceTitle "EXT 2020"]
[Source "ChessBase"]
[SourceDate "2019.10.17"]
[SourceVersion "1"]
[SourceVersionDate "2019.10.17"]
[SourceQuality "1"]

1. e4 c5 2. Nf3 d6 3. d4 cxd4 4. Nxd4 Nf6 5. Nc3 a6 6. Be2 e5 7. Nb3 b5 8. Bg5 Be7 9. 0-0 Bb7 10. Bxf6 Bxf6 11. Nd5 Nd7 12. Qd2 Nb6 13. Na5 Bxd5 14. exd5 0-0 15. Nc6 Qc7 16. Rac1 Rac8 17. c4 bxc4 18. Bxc4 Nxc4 19. Rxc4 Qd7 20. Rfc1 h6 21. Qa5 Bg5 22. R1c2 Ra8 23. Nb4 Bd8 24. Qa3 a5 25. Nc6 Bb6 26. Qb3 Ba7 27. Ra4 Rfc8 28. g3 Bc5 29. Rxa5 Rxa5 30. Nxa5 Qg4 31. Nc6 Kh8 32. Qc4 e4 33. Qe2 Qg5 34. Qxe4 f5 35. Qe6 Rf8 36. Qe7 Rf6 37. Qe8+ Kh7 38. Ne7 1-0

[Event "VIE-chT (Women)"]
[Site "Ho Chi Minh City"]
[Date "2019.09.30"]
[Round "7.33"]
[White "Dang, Ngoc Thien Thanh"]
[Black "Nguyen, Thi Huynh Thu"]
[Result "0-1"]
[WhiteElo "1818"]
[BlackElo "1815"]
[PlyCount "54"]
[EventDate "2019.09.26"]
[EventType "swiss"]
[EventRounds "9"]
[EventCountry "VIE"]
[SourceTitle "EXT 2020"]
[Source "ChessBase"]
[SourceDate "2019.10.17"]
[SourceVersion "1"]
[SourceVersionDate "2019.10.17"]
[SourceQuality "1"]

1. d4 c5 2. Nf3 Nf6 3. c4 cxd4 4. Nxd4 e6 5. Nc3 Bc5 6. Be3 Qb6 7. b3 Qa5 8. Qd2 Bb4 9. Rc1 Ne4 10. Qd3 Nxc3 11. Rxc3 Bxc3+ 12. Bd2 Bxd2+ 13. Qxd2 Qxd2+ 14. Kxd2 Nc6 15. e3 Nxd4 16. exd4 b6 17. Bd3 Bb7 18. f3 d5 19. Re1 0-0 20. cxd5 exd5 21. g4 Rfe8 22. Rc1 Rac8 23. h4 Rxc1 24. Kxc1 Re3 25. Kd2 Rxf3 26. g5 Rh3 27. h5 Rxh5 0-1

[Event "VIE-chT (Women)"]
[Site "Ho Chi Minh City"]
[Date "2019.09.27"]
[Round "2.33"]
[White "Nguyen, Thuy Linh"]
[Black "Nguyen, Thi Huynh Thu"]
[Result "1-0"]
[WhiteElo "1383"]
[BlackElo "1815"]
[PlyCount "55"]
[EventDate "2019.09.26"]
[EventType "swiss"]
[EventRounds "9"]
[EventCountry "VIE"]
[SourceTitle "EXT 2020"]
[Source "ChessBase"]
[SourceDate "2019.10.17"]
[SourceVersion "1"]
[SourceVersionDate "2019.10.17"]
[SourceQuality "1"]

1. d4 c5 2. d5 Nf6 3. c4 e6 4. Nc3 Be7 5. e4 d6 6. f4 exd5 7. cxd5 0-0 8. Nf3 Ng4 9. Bd3 Bf6 10. 0-0 Qb6 11. Na4 Qc7 12. h3 Nh6 13. Nc3 Bxc3 14. bxc3 f6 15. Bc4 Qa5 16. Qb3 a6 17. e5 b5 18. Be2 c4 19. Qb2 fxe5 20. fxe5 dxe5 21. Bxh6 Qb6+ 22. Kh1 Qxh6 23. a4 e4 24. Nh2 Rxf1+ 25. Rxf1 Bd7 26. Qb4 g6 27. Qe7 Bf5 28. Qb7 1-0

[Event "VIE Cup (Women)"]
[Site "Bac Giang"]
[Date "2018.06.05"]
[Round "9"]
[White "Bui, Thi Ngoc Chi"]
[Black "Nguyen, Thi Huynh Thu"]
[Result "0-1"]
[WhiteElo "1769"]
[BlackElo "1773"]
[PlyCount "42"]
[EventDate "2018.05.30"]
[EventType "swiss"]
[EventRounds "9"]
[EventCountry "VIE"]
[SourceTitle "CBM 184 Extra"]
[Source "ChessBase"]
[SourceDate "2018.06.28"]
[SourceVersion "1"]
[SourceVersionDate "2018.06.28"]
[SourceQuality "1"]

1. e3 Nf6 2. d4 g6 3. Nf3 Bg7 4. Bd3 0-0 5. 0-0 d6 6. Nbd2 Nbd7 7. e4 e5 8. c3 Ne8 9. Bc4 Kh8 10. Re1 Nb6 11. Bb3 Bg4 12. Qc2 Rc8 13. Re3 Nd7 14. dxe5 Nxe5 15. Nxe5 Bxe5 16. Nc4 Ng7 17. Nxe5 dxe5 18. f3 Be6 19. Bxe6 Nxe6 20. Rd3 Qh4 21. Qb3 Qe1# 0-1

[Event "VIE Cup (Women)"]
[Site "Bac Giang"]
[Date "2018.06.01"]
[Round "4"]
[White "Nguyen, Thi Huynh Thu"]
[Black "Nguyen, Ha Phuong1111"]
[Result "0-1"]
[WhiteElo "1773"]
[BlackElo "1469"]
[PlyCount "38"]
[EventDate "2018.05.30"]
[EventType "swiss"]
[EventRounds "9"]
[EventCountry "VIE"]
[SourceTitle "CBM 184 Extra"]
[Source "ChessBase"]
[SourceDate "2018.06.28"]
[SourceVersion "1"]
[SourceVersionDate "2018.06.28"]
[SourceQuality "1"]

1. e4 c5 2. Nf3 e6 3. d4 cxd4 4. Nxd4 a6 5. Nc3 Qc7 6. a3 b5 7. g3 Bb7 8. Bg2 Nf6 9. 0-0 d6 10. Bg5 Be7 11. Bxf6 gxf6 12. Bh3 h5 13. Bxe6 fxe6 14. Nxe6 Qd7 15. Ng7+ Kd8 16. Nf5 Qe6 17. Re1 Nd7 18. h4 Nb6 19. Ne2 Qxe4 0-1

[Event "VIE-chT (Women)"]
[Site "Ho Chi Minh City"]
[Date "2017.07.25"]
[Round "3.26"]
[White "Pham, Tran Gia Thu"]
[Black "Nguyen, Thi Huynh Thu"]
[Result "1-0"]
[WhiteElo "1587"]
[BlackElo "1900"]
[PlyCount "71"]
[EventDate "2017.07.24"]
[EventType "team-swiss"]
[EventRounds "9"]
[EventCountry "VIE"]
[SourceTitle "EXT 2019"]
[Source "ChessBase"]
[SourceDate "2018.10.10"]
[SourceVersion "1"]
[SourceVersionDate "2018.10.10"]
[SourceQuality "1"]

1. d4 d5 2. c4 e6 3. g3 Nf6 4. Bg2 c5 5. dxc5 Bxc5 6. Nf3 Nc6 7. 0-0 0-0 8. Nbd2 d4 9. Nb3 b6 10. Nfxd4 Bxd4 11. Bxc6 Bxf2+ 12. Kxf2 Rb8 13. Qxd8 Rxd8 14. Bf4 Ng4+ 15. Kg1 e5 16. Bg5 f6 17. Bd2 Be6 18. Rac1 Rbc8 19. Bb5 e4 20. Ba6 Rc7 21. Bf4 Re7 22. h3 Nh6 23. Bxh6 gxh6 24. Rxf6 Kg7 25. Rf4 Bxh3 26. c5 bxc5 27. Rxc5 Kh8 28. Kh2 Bd7 29. Bb5 Bxb5 30. Rxb5 Rc8 31. Rc5 Rxc5 32. Nxc5 e3 33. Re4 Rc7 34. b4 a5 35. Re8+ Kg7 36. Ne6+ 1-0

[Event "VIE-chT (Women)"]
[Site "Ho Chi Minh City"]
[Date "2017.07.24"]
[Round "2.20"]
[White "Nguyen, Thi Huynh Thu"]
[Black "Hoang, Thi Hai Anh"]
[Result "0-1"]
[WhiteElo "1900"]
[BlackElo "1917"]
[PlyCount "62"]
[EventDate "2017.07.24"]
[EventType "team-swiss"]
[EventRounds "9"]
[EventCountry "VIE"]
[SourceTitle "EXT 2019"]
[Source "ChessBase"]
[SourceDate "2018.10.10"]
[SourceVersion "1"]
[SourceVersionDate "2018.10.10"]
[SourceQuality "1"]

1. e4 c5 2. Nf3 d6 3. d4 cxd4 4. Nxd4 Nf6 5. Nc3 Nc6 6. Bg5 e6 7. Bc4 Be7 8. Be3 a6 9. Qd2 Qc7 10. 0-0-0 0-0 11. Bg5 Rd8 12. Qe2 b5 13. Bb3 b4 14. Qc4 bxc3 15. Qxc6 cxb2+ 16. Kxb2 Qb8 17. Qc4 Bd7 18. Ka1 Rc8 19. Qe2 a5 20. a4 Qb4 21. Ka2 Bxa4 22. Rd3 Bxb3+ 23. cxb3 a4 24. Kb2 axb3 25. Nxb3 Qa3+ 26. Kb1 Rcb8 27. Qb2 Qb4 28. Kc2 Qxe4 29. f3 Qe2+ 30. Rd2 Qc4+ 31. Qc3 Ra2+ 0-1

[Event "VIE-ch (Women)"]
[Site "Bac Giang"]
[Date "2016.06.23"]
[Round "3"]
[White "Nguyen, Thi Huynh Thu"]
[Black "Tong, Thai Ky An"]
[Result "0-1"]
[WhiteElo "1866"]
[BlackElo "1856"]
[PlyCount "90"]
[EventDate "2016.06.22"]
[EventType "swiss"]
[EventRounds "9"]
[EventCountry "VIE"]
[SourceTitle "EXT 2017"]
[Source "ChessBase"]
[SourceDate "2016.10.25"]
[SourceVersion "1"]
[SourceVersionDate "2016.10.25"]
[SourceQuality "1"]

1. d4 d5 2. c4 e6 3. Nc3 c6 4. e3 f5 5. Bd2 Nf6 6. f3 Bd6 7. c5 Bc7 8. Bd3 0-0 9. Nge2 Bd7 10. a3 h6 11. b4 a5 12. Qc1 axb4 13. axb4 Rxa1 14. Qxa1 Be8 15. Qb1 Na6 16. Bxa6 bxa6 17. 0-0 Nh5 18. Be1 Nf6 19. Ng3 Bd7 20. Bf2 a5 21. b5 cxb5 22. Nxb5 Bxb5 23. Qxb5 Qb8 24. Qxb8 Rxb8 25. Ra1 Ra8 26. Be1 Kf7 27. Kf2 a4 28. Bb4 e5 29. Nxf5 e4 30. fxe4 Nxe4+ 31. Kg1 h5 32. g3 g5 33. Kg2 Kf6 34. Rf1 Kg6 35. Ne7+ Kg7 36. Nxd5 Ba5 37. Rd1 Bxb4 38. Nxb4 a3 39. c6 Kf7 40. Rc1 Ke6 41. d5+ Kd6 42. c7 Kd7 43. Nc6 Nd6 44. Nb8+ Kc8 45. Rc6 a2 0-1